000 00418nam a2200169Ia 4500
003 GCL
040 _aGCL /
_cGCL
082 0 4 _aCH
_b833
_bP D
100 1 _aSILLABER, MARGIT
245 1 0 _aDER GESTIEFELTE KATER /
_cSILLABER, MARGIT
260 _a[S.N] :
_bPESTALOZZI- VERLAG ،
_c1988
650 0 4 _aLITERATURE
650 0 4 _aGERMAN LANGUAGE
650 0 4 _aCHILDREN
650 0 4 _aCHILDREN - FICTION
942 _2ddc
_cBK
999 _c18011
_d18011